000 00391 a2200169 4500
001 72975
020 _a8508059663
040 _cAnchieta - Colégio São Paulo
100 _aCarvalho, Carmen Silvia C. Torres de
240 1 0 _aConstruindo a escrita
_lpor
245 1 0 _aConstruindo a escrita
300 _a175
362 0 _a1997
440 1 _aÁtica
650 4 _aPortuguês
942 _cBK
999 _c72975
_d72975